00521nam a2200157 a 450000100100000000500170001000800410002704000250006808200180009310000300011124500410014126000410018230000360022365000380025971000660029700003593220200930074730.0111117s19uu dr ac r 000 0 spa d aDO-SdBNPbspacBNPHU a362.29bP438d1 aPérez, Casimiro,d1935-10aDrogas! :bconocerlas y prevenirlas. aSanto Domingo :bFEDELUCD,c[19--?]. a196 p. :bil., retrs. ;c21 cm. 4aAbuso de sustanciasxPrevención2 aFederación Dominicana de Lucha contra las Drogas (FEDELUCD)